Regionalism in the New Asia-Pacific Order : (Record no. 610331)

MARC details
000 -LEADER
fixed length control field 00536nam a2200193 a 4500
001 - CONTROL NUMBER
control field 1770284919975
003 - CONTROL NUMBER IDENTIFIER
control field YourLibrary
005 - DATE AND TIME OF LATEST TRANSACTION
control field 20260205152336.0
008 - FIXED-LENGTH DATA ELEMENTS--GENERAL INFORMATION
fixed length control field 260205s2003##################000#0#eng##
020 ## - INTERNATIONAL STANDARD BOOK NUMBER
International Standard Book Number 9781858988351
082 04 - DEWEY DECIMAL CLASSIFICATION NUMBER
Classification number 330.95
Item number CAM
040 ## - CATALOGING SOURCE
Original cataloging agency YourLibrary
Language of cataloging eng
Transcribing agency YourLibrary
100 1# - MAIN ENTRY--PERSONAL NAME
Personal name Camilleri, Joseph A.,
Relator term author.
245 10 - TITLE STATEMENT
Title Regionalism in the New Asia-Pacific Order :
260 ## - PUBLICATION, DISTRIBUTION, ETC.
Name of publisher, distributor, etc. Edward Elgar Publishing,
Date of publication, distribution, etc. 2003.
300 ## - PHYSICAL DESCRIPTION
Extent 440 pages
650 #0 - SUBJECT ADDED ENTRY--TOPICAL TERM
Topical term or geographic name entry element Business & Economics.
942 ## - ADDED ENTRY ELEMENTS (KOHA)
Koha item type English Books
Holdings
Withdrawn status Lost status Damaged status Not for loan Home library Current library Shelving location Date acquired Total Checkouts Full call number Barcode Date last seen Price effective from Koha item type
        Anna Centenary Library Anna Centenary Library 4TH FLOOR, A WING 05.02.2026   330.95 CAM 342867 05.02.2026 05.02.2026 English Books

Find us on the map